00354 a2200133 4500003000400000005001700004008004100021040000900062082002300071100002600094245005200120260003900172300000900211OSt20231220104919.0231220b |||||||| |||| 00| 0 eng d coclc a491.4382421bTIW/M aTiwari, Shashi Shekar aMANAK HINDI VYAKARAN /cDr. Shashishekar Tiwari aNew Delhi:bVani Prakashan,c2000. a111p